Normal view
MARC view
- BIRCHALL, G,STOTT, G. S
Entry Personal Name
001 - CONTROL NUMBER
- control field: 78578
003 - CONTROL NUMBER IDENTIFIER
- control field: NUST
005 - DATE AND TIME OF LATEST TRANSACTION
- control field: 20210628210222.0
008 - FIXED-LENGTH DATA ELEMENTS
- fixed length control field: 210628|| aca||aabn | a|a d
040 ## - CATALOGING SOURCE
- Original cataloging agency: NUST
- Transcribing agency: NUST
100 ## - HEADING--PERSONAL NAME
- Personal name: BIRCHALL, G,STOTT, G. S
670 ## - SOURCE DATA FOUND
- Source citation: Work cat.: (NUST): BIRCHALL, G,STOTT, G. S, ELECTRICAL PRINCIPLES FOR INSTALLATION AND CRAFT STUDENTS, 1971
